000 00648nam a2200205Ia 4500
003 GCL
008 140319s9999 xx 000 0 ara d
040 _aGCL /
_cGCL
082 0 4 _a927
_bع ب
100 1 _aعلى كامل الديب
245 1 0 _aبدر الدين ابوغازى /
_cعلى كامل الديب
700 1 _aابوصالح الالفى
260 _aالقاهرة :
_bالمجلس الاعلى للثقافة ،
_c1990
300 _a158 ص ؛
_c19 سم
490 _a
650 0 4 _aالادب العربى
650 0 4 _aالفنانون المصريون
650 0 4 _aبدرالدين ابو غازى
942 _2ddc
_cBK
999 _c54811
_d54811